La independencia de la corte suprema a través del control de constitucionalidad : respecto de los otros poderes políticos del Estado (1935-1998) /

Guardado en:
Autor Principal: Bercholc, Jorge.
Formato: Libro
Idioma:Undetermined
Publicado: Buenos Aires : Ediar, 2004.
Edición:1a. ed.
Materias:
Etiquetas: Agregar Etiqueta
Sin Etiquetas, Sea el primero en etiquetar este registro!
LEADER 00624nam a22001695a 4500
001 DER.der015710
008 260310s2004####ag############000#0#und#d
005 20260310142854.0
245 1 0 |a La independencia de la corte suprema a través del control de constitucionalidad :  |b respecto de los otros poderes políticos del Estado (1935-1998) /  |c Jorge Bercholc. 
250 |a 1a. ed. 
260 |a Buenos Aires :  |b Ediar,  |c 2004. 
300 |a 286 p. 
500 |a Prólogo del Dr. Germán J. Bidart Campos. 
020 |a 950574174X 
100 1 |a Bercholc, Jorge. 
650 7 |a DERECHO CONSTITUCIONAL 
859 |a DERECHO  |b BIB. DERECHO  |h 342  |i BER  |p 003317